Handbook of Sustainable Building : An Environmental Preference Method for Selection of Materials for Use in Construction and Refurbishment /
Uloženo v:
| Hlavní autor: | |
|---|---|
| Další autoři: | , |
| Médium: | Kniha |
| Jazyk: | angličtina |
| Vydáno: |
Londres, Inglaterra :
James and James,
1998, c1996
|
| Vydání: | 2a edición |
| Témata: | |
| Tagy: |
Žádné tagy, Buďte první, kdo vytvoří štítek k tomuto záznamu!
|
MARC
| LEADER | 00000nam^a2200000^a^4500 | ||
|---|---|---|---|
| 001 | 000122854 | ||
| 005 | 20250521000000.0 | ||
| 009 | 20260310094517.138 | ||
| 020 | |a 1-873936-38-9 | ||
| 037 | |a Acervo ITESO - Biblioteca | ||
| 041 | |a ING | ||
| 082 | |a 721. 0467 |b ANI | ||
| 100 | |a Anink, David |e (autor) | ||
| 245 | 1 | 0 | |a Handbook of Sustainable Building : |b An Environmental Preference Method for Selection of Materials for Use in Construction and Refurbishment / |c D. Anink, C. Boonstra, J. Mak ; pról. de John Doggart. |
| 250 | |a 2a edición |b revisada | ||
| 264 | 4 | |a Londres, Inglaterra : |b James and James, |c 1998, c1996 | |
| 300 | |a 175 p. | ||
| 336 | |a texto |b txt |2 rdacontenido | ||
| 337 | |a sin mediación |b n |2 rdamedio | ||
| 338 | |a volumen |b nc |2 rdasoporte | ||
| 649 | |a XX | ||
| 650 | |a Materiales de Construcción | ||
| 650 | |a Construcción | ||
| 650 | |a Restauración y Conservación Arquitectónica | ||
| 650 | |a Ecodiseño | ||
| 650 | |a Diseño Arquitectónico | ||
| 650 | |a Arquitectura | ||
| 650 | |a Ingeniería Civil | ||
| 650 | |a Conservación y Protección Ambiental | ||
| 700 | |a Boonstra, Chiel |e (autor) | ||
| 700 | |a Mak, John |e (autor) | ||
| 910 | |a Fondo General | ||
| 920 | |a Impresos - Libros | ||
| 930 | |a Colección General | ||
| 905 | |a 101 | ||
| 901 | |a 0500056720 |b IT1 |c ACC |u 20250521 | ||
| 901 | |a 0500059248 |b IT1 |c ACC |u 20250521 | ||
| 902 | |a https://opac.biblio.iteso.mx/vufind/Record/000122854 | ||